[Event "CHI-ch (Women)"]
[Site "Santiago de Chile"]
[Date "2023.02.16"]
[Round "7"]
[White "Lemus Pena, Macarena"]
[Black "Rozas Lazcano, Valeska"]
[Result "1/2-1/2"]
[WhiteElo "1785"]
[BlackElo "1604"]
[PlyCount "80"]
[EventDate "2023.02.11"]
[EventType "tourn"]
[EventRounds "11"]
[EventCountry "CHI"]
[SourceTitle "CBM 212 Extra"]
[Source "ChessBase"]
[SourceDate "2023.03.31"]
[SourceVersion "1"]
[SourceVersionDate "2023.03.31"]
[SourceQuality "1"]

1. Nf3 g6 2. e4 d6 3. d4 Bg7 4. Bc4 Nf6 5. Qe2 Nbd7 6. e5 dxe5 7. Bxf7+ Kf8 8. Ng5 Nb6 9. dxe5 Ng4 10. 0-0 Nxe5 11. Rd1 Qxd1+ 12. Qxd1 Nxf7 13. Qf3 Bf6 14. Ne4 Kg7 15. Nxf6 exf6 16. Bf4 c6 17. Nc3 Re8 18. Be3 Ne5 19. Qf4 g5 20. Qg3 Ng6 21. Bd4 h6 22. Qf3 Ne5 23. Bxe5 Rxe5 24. Qg3 Re7 25. f4 g4 26. Rf1 Bf5 27. h3 h5 28. hxg4 hxg4 29. Nd1 Nc4 30. b3 Nd2 31. Ne3 Kg6 32. Nxf5 Kxf5 33. Qd3+ Ne4 34. g3 Rae8 35. Kg2 Rh8 36. Re1 a6 37. a4 Rhe8 38. Rh1 Kg6 39. f5+ Kxf5 40. Qf1+ Kg6 1/2-1/2

[Event "CHI-ch (Women)"]
[Site "Las Condes"]
[Date "2022.02.25"]
[Round "9"]
[White "Lemus Pena, Macarena"]
[Black "Araos Diaz, Constanza Paz"]
[Result "1/2-1/2"]
[WhiteElo "1703"]
[BlackElo "1435"]
[PlyCount "152"]
[EventDate "2022.02.18"]
[EventType "tourn"]
[EventRounds "11"]
[EventCountry "CHI"]
[SourceTitle "CBM 207 Extra"]
[Source "ChessBase"]
[SourceDate "2022.05.31"]
[SourceVersion "1"]
[SourceVersionDate "2022.05.31"]
[SourceQuality "1"]

1. Nf3 Nf6 2. c4 g6 3. b4 d6 4. g3 Bg7 5. Bb2 0-0 6. Bg2 Nbd7 7. 0-0 c5 8. b5 Qc7 9. d3 Rb8 10. Qb3 b6 11. Nc3 Bb7 12. a4 e6 13. e3 d5 14. Rfd1 Rfd8 15. cxd5 Nxd5 16. Nxd5 Bxd5 17. Qc2 Ne5 18. e4 Nxf3+ 19. Bxf3 Bxb2 20. Qxb2 Bb7 21. Rac1 Qe7 22. Rc4 Rd7 23. Rd2 Rbd8 24. Qc3 Rd4 25. Rxd4 Rxd4 26. Ra2 Qd7 27. Be2 e5 28. f3 f5 29. Rc2 Kg7 30. Kg2 Qd6 31. a5 Bc8 32. axb6 axb6 33. Ra2 Bd7 34. exf5 Bxf5 35. Ra7+ Bd7 36. Qa1 Qe6 37. Bf1 Kf6 38. Qc1 Bxb5 39. Rxh7 Rd7 40. Qh6 Rxh7 41. Qxh7 Qd7 42. Qh8+ Ke6 43. Kh1 Kd6 44. Qb8+ Qc7 45. Qg8 Qe7 46. Qb8+ Qc7 47. Qg8 Qe7 48. Qxg6+ Qe6 49. Qg5 Qe7 50. Qh6+ Qe6 51. Qf8+ Qe7 52. Qb8+ Qc7 53. Qg8 Qe7 54. h4 Qf6 55. Be2 Bc6 56. Kg2 b5 57. Qb8+ Kd5 58. Qa7 Kd4 59. Kf2 Qh6 60. Qa1+ Kd5 61. Qb2 Qf6 62. Bf1 Kd6 63. Bg2 Qf5 64. Qb3 b4 65. Qd1 Bb5 66. Bf1 Qe6 67. d4 Qa2+ 68. Kg1 Bxf1 69. dxc5+ Kxc5 70. Qxf1 Qf7 71. Qe2 Qd5 72. Qc2+ Qc4 73. Qa4 Qc1+ 74. Kf2 Qd2+ 75. Kf1 Qd3+ 76. Kf2 Qd2+ 1/2-1/2

[Event "CHI-ch sf"]
[Site "Vina del Mar"]
[Date "2022.02.13"]
[Round "8"]
[White "Lemus Pena, Macarena"]
[Black "Bulgarini Torre, Marco"]
[Result "1/2-1/2"]
[WhiteElo "1737"]
[BlackElo "1777"]
[PlyCount "105"]
[EventDate "2022.02.08"]
[EventType "swiss"]
[EventRounds "8"]
[EventCountry "CHI"]
[SourceTitle "CBM 207 Extra"]
[Source "ChessBase"]
[SourceDate "2022.05.31"]
[SourceVersion "1"]
[SourceVersionDate "2022.05.31"]
[SourceQuality "1"]

1. Nf3 d5 2. c4 d4 3. b4 c5 4. Bb2 f6 5. bxc5 e5 6. e3 Nc6 7. exd4 exd4 8. d3 Bxc5 9. Be2 Nge7 10. Nbd2 0-0 11. 0-0 Ng6 12. Nb3 b6 13. Qc1 Re8 14. Nxc5 bxc5 15. Re1 Bf5 16. Bf1 Qd6 17. Qd2 Nce5 18. Be2 Rab8 19. Ba3 Bg4 20. Nxe5 Nxe5 21. f4 Bxe2 22. fxe5 Qa6 23. Bxc5 Bh5 24. Bxd4 Rbd8 25. Qf4 Qa5 26. e6 Bg6 27. Rad1 Bxd3 28. Qg3 Bg6 29. e7 Rd7 30. Bc3 Qc5+ 31. Qf2 Qxf2+ 32. Kxf2 Rdxe7 33. Rxe7 Rxe7 34. Rd8+ Kf7 35. c5 Rc7 36. Bd4 Be4 37. Rd6 Ke7 38. Ra6 Bc6 39. Be3 g5 40. Bd2 Bb5 41. Ra5 a6 42. Ra3 Ke6 43. Bb4 Kd5 44. Rc3 Re7 45. Rc2 Re4 46. a3 Rf4+ 47. Ke3 Re4+ 48. Kf2 Bc6 49. g3 h5 50. Rd2+ Rd4 51. Re2 Re4 52. Rd2+ Rd4 53. Re2 1/2-1/2

[Event "CHI-ch sf"]
[Site "Vina del Mar"]
[Date "2022.02.12"]
[Round "7"]
[White "Orellana Rastello, Hugo"]
[Black "Lemus Pena, Macarena"]
[Result "0-1"]
[WhiteElo "1295"]
[BlackElo "1737"]
[PlyCount "74"]
[EventDate "2022.02.08"]
[EventType "swiss"]
[EventRounds "8"]
[EventCountry "CHI"]
[SourceTitle "CBM 207 Extra"]
[Source "ChessBase"]
[SourceDate "2022.05.31"]
[SourceVersion "1"]
[SourceVersionDate "2022.05.31"]
[SourceQuality "1"]

1. e4 c5 2. Nf3 d6 3. d4 cxd4 4. Nxd4 Nf6 5. Nc3 a6 6. Be3 e5 7. Nb3 Be6 8. f3 b5 9. Be2 Nbd7 10. 0-0 Be7 11. Qd2 Nb6 12. a3 Nc4 13. Bxc4 Bxc4 14. Rfd1 Qc7 15. f4 Ng4 16. h3 Nxe3 17. Qxe3 0-0 18. Nd2 d5 19. Qf3 d4 20. Nxc4 dxc3 21. Nxe5 cxb2 22. Rab1 Qxc2 23. Qd3 Rac8 24. Rd2 Qxb1+ 25. Qxb1 Rc1+ 26. Rd1 Rxb1 27. Rxb1 Bxa3 28. Nd3 Rc8 29. Nxb2 Bxb2 30. Rxb2 Rc4 31. Ra2 Ra4 32. Rc2 Kf8 33. Rc6 a5 34. Rb6 Rb4 35. Kf2 a4 36. Ke3 a3 37. Ra6 Ra4 0-1

[Event "CHI-ch U20"]
[Site "Quirihue"]
[Date "2022.01.20"]
[Round "7"]
[White "Caceres Salas, Elias"]
[Black "Lemus Pena, Macarena"]
[Result "1-0"]
[WhiteElo "1757"]
[BlackElo "1737"]
[PlyCount "173"]
[EventDate "2022.01.17"]
[EventType "swiss"]
[EventRounds "9"]
[EventCountry "CHI"]
[SourceTitle "CBM 206 Extra"]
[Source "ChessBase"]
[SourceDate "2022.03.31"]
[SourceVersion "1"]
[SourceVersionDate "2022.03.31"]
[SourceQuality "1"]

1. d4 d5 2. c4 e6 3. Nf3 Nf6 4. e3 Be7 5. Nbd2 0-0 6. b3 b6 7. Bb2 Bb7 8. Bd3 Nbd7 9. Qe2 Ne4 10. 0-0 Bd6 11. Ne5 f6 12. Nxd7 Qxd7 13. cxd5 exd5 14. Nxe4 dxe4 15. Bc4+ Kh8 16. Rad1 Rae8 17. d5 Qf7 18. Bc3 Bc8 19. Rd2 Qg6 20. Re1 Bg4 21. Qf1 Bf3 22. Be2 Rd8 23. Bxf3 exf3 24. g3 Rfe8 25. Qh3 Kg8 26. Rc1 Re4 27. Kf1 Rde8 28. Ke1 Qg5 29. Qf1 Bc5 30. h4 Qg4 31. Kd1 Qf5 32. Qd3 a5 33. Kc2 Qd7 34. Kb1 a4 35. Qc2 Qe7 36. Qd1 Ra8 37. Qxf3 axb3 38. axb3 Bb4 39. d6 Bxd6 40. Rd4 Re8 41. Rxe4 Qxe4+ 42. Qxe4 Rxe4 43. Kc2 Kf7 44. Kd3 Re8 45. Ra1 Ke6 46. Ra7 Kd5 47. Bb2 Kc6 48. Ra4 Kb5 49. Rg4 Re7 50. h5 Rd7 51. Kc2 Rf7 52. Bc3 c6 53. Re4 Ra7 54. Kb2 Re7 55. Rg4 h6 56. Kc2 Ra7 57. Kd3 Re7 58. Ke2 c5 59. Kf3 Kc6 60. Re4 Rf7 61. Re8 Kd7 62. Ra8 Ke6 63. Ra6 Rb7 64. Ke4 f5+ 65. Kd3 b5 66. Ra8 Kf7 67. Rh8 Be7 68. Ra8 Rd7+ 69. Kc2 Rb7 70. Ra6 Bf8 71. Be5 Be7 72. Rg6 Bf8 73. Ra6 Be7 74. Kd2 Rd7+ 75. Ke2 Rd5 76. Bc3 Rd6 77. Ra7 Rd5 78. Bxg7 Kxg7 79. Rxe7+ Kf6 80. Rb7 b4 81. f4 Rd6 82. Rb5 Rc6 83. Kd3 Ke6 84. Kc4 Kd6 85. Rb8 Kc7 86. Rf8 Re6 87. Kxc5 1-0

[Event "CHI-ch U20"]
[Site "Quirihue"]
[Date "2022.01.18"]
[Round "2"]
[White "Lemus Pena, Macarena"]
[Black "Perez Rojas, Jorge"]
[Result "1-0"]
[WhiteElo "1737"]
[BlackElo "1337"]
[PlyCount "77"]
[EventDate "2022.01.17"]
[EventType "swiss"]
[EventRounds "9"]
[EventCountry "CHI"]
[SourceTitle "CBM 206 Extra"]
[Source "ChessBase"]
[SourceDate "2022.03.31"]
[SourceVersion "1"]
[SourceVersionDate "2022.03.31"]
[SourceQuality "1"]

1. Nf3 Nf6 2. g3 g6 3. Bg2 Bg7 4. 0-0 0-0 5. d4 d6 6. a4 Nc6 7. a5 a6 8. Nc3 e5 9. d5 Ne7 10. e4 Ne8 11. Qe2 h6 12. h3 f5 13. Rd1 g5 14. Nd2 g4 15. hxg4 fxg4 16. Nc4 Ng6 17. Ne3 h5 18. Bh1 Nf4 19. gxf4 exf4 20. Nf5 f3 21. Qe3 Bxf5 22. exf5 Qh4 23. Qg5 Qh3 24. Ne4 h4 25. Qg6 g3 26. fxg3 hxg3 27. Nxg3 Rf6 28. Qg5 f2+ 29. Kxf2 Kf8 30. Bg2 Qh7 31. Rh1 Qg8 32. Bd2 Rf7 33. Nh5 Bd4+ 34. Ke2 Qh8 35. Nf4 Qe5+ 36. Kd3 Rf6 37. Ng6+ Rxg6 38. Qxg6 Bc5 39. c3 1-0

[Event "South America-ch U18 Girls 16th"]
[Site "Buenos Aires"]
[Date "2019.12.05"]
[Round "7.2"]
[White "Hilario Huaranca, Aleyla Karen"]
[Black "Lemus Pena, Macarena"]
[Result "1/2-1/2"]
[WhiteElo "2005"]
[BlackElo "1847"]
[PlyCount "94"]
[EventDate "2019.12.01"]
[EventType "swiss"]
[EventRounds "9"]
[EventCountry "ARG"]
[SourceTitle "EXT 2024"]
[Source "ChessBase"]
[SourceDate "2023.10.10"]
[SourceVersion "1"]
[SourceVersionDate "2023.10.10"]
[SourceQuality "1"]

1. d4 d5 2. Nf3 e6 3. c4 a6 4. Nc3 Nf6 5. g3 dxc4 6. a4 b6 7. Bg2 Bb7 8. 0-0 Nbd7 9. e3 c5 10. Qe2 cxd4 11. exd4 Rc8 12. Rd1 Be7 13. Ne5 Bxg2 14. Kxg2 Qc7 15. Bf4 Qb7+ 16. Kg1 Nd5 17. Nxd5 Qxd5 18. b3 cxb3 19. Nxd7 Qxd7 20. Qxa6 g5 21. Be3 0-0 22. Rab1 Ra8 23. Qb5 Qxb5 24. axb5 Ra5 25. Rxb3 Rd8 26. Rc1 Rd5 27. Rc8+ Kg7 28. Rb8 Raxb5 29. Rxb6 Rxb6 30. Rxb6 Bf6 31. Rb4 g4 32. h3 h5 33. hxg4 hxg4 34. Kf1 Kg6 35. Ke2 Kf5 36. Kd3 Ra5 37. Rb7 Kg6 38. Rc7 Rd5 39. Ke4 Bd8 40. Rc5 f5+ 41. Kd3 Kf7 42. Kc4 Rd7 43. Kb5 Bf6 44. Kc6 Rd8 45. d5 Rxd5 46. Rxd5 exd5 47. Kxd5 Kg6 1/2-1/2

[Event "South America-ch U18 Girls 16th"]
[Site "Buenos Aires"]
[Date "2019.12.01"]
[Round "1.5"]
[White "Lemus Pena, Macarena"]
[Black "Munoz, Clara Belen"]
[Result "1-0"]
[WhiteElo "1847"]
[BlackElo "1478"]
[PlyCount "143"]
[EventDate "2019.12.01"]
[EventType "swiss"]
[EventRounds "9"]
[EventCountry "ARG"]
[SourceTitle "EXT 2024"]
[Source "ChessBase"]
[SourceDate "2023.10.10"]
[SourceVersion "1"]
[SourceVersionDate "2023.10.10"]
[SourceQuality "1"]

1. Nf3 Nf6 2. c4 e6 3. g3 d5 4. b3 Be7 5. Bg2 c5 6. Bb2 Nc6 7. 0-0 0-0 8. e3 b6 9. Nc3 Bb7 10. cxd5 exd5 11. d4 Rc8 12. Rc1 a6 13. Na4 Nb8 14. Ne5 Nbd7 15. Nxd7 Nxd7 16. dxc5 Nxc5 17. Qg4 Bf6 18. Bxf6 Qxf6 19. Nxc5 bxc5 20. Rfd1 Qe5 21. b4 c4 22. Qd4 Qe7 23. a3 Rfd8 24. Rc3 h6 25. Qg4 Kh8 26. Rd4 Qd6 27. Qh4 Qg6 28. Be4 Qb6 29. Bf3 a5 30. bxa5 Qxa5 31. Rc1 Qxa3 32. Rcxc4 Qa5 33. Rb4 Rc1+ 34. Kg2 Ba6 35. Rd1 Rdc8 36. Qd4 R1c4 37. Rxc4 dxc4 38. Ra1 Qb5 39. Bd1 Bb7+ 40. e4 c3 41. Bc2 Qb2 42. Qd1 Qb6 43. Rb1 Qc6 44. Qd4 f5 45. Rb6 Qc7 46. Rxh6+ Kg8 47. Bb3+ Kf8 48. Rh8+ Ke7 49. Qxg7+ Kd6 50. Rh6+ Kc5 51. Qxc3+ Kb5 52. Qxc7 Bxe4+ 53. f3 Rxc7 54. fxe4 fxe4 55. Re6 Rc3 56. Bd1 e3 57. h4 Ra3 58. Be2+ Kc5 59. h5 Kd5 60. Re8 Kd4 61. h6 Ra7 62. g4 Ra2 63. Kf3 Ra7 64. g5 Rd7 65. g6 Rc7 66. h7 Rxh7 67. gxh7 Kd5 68. Rc8 Kd4 69. h8Q+ Kd5 70. Bc4+ Kd6 71. Qd8+ Ke5 72. Rc5# 1-0

[Event "Santiago Ladies 3rd"]
[Site "Santiago de Chile"]
[Date "2019.08.10"]
[Round "2.1"]
[White "Lemus Pena, Macarena"]
[Black "Varela Varas, Patricia"]
[Result "1-0"]
[WhiteElo "1799"]
[BlackElo "1571"]
[PlyCount "95"]
[EventDate "2019.08.10"]
[EventType "swiss"]
[EventRounds "6"]
[EventCountry "CHI"]
[SourceTitle "EXT 2024"]
[Source "ChessBase"]
[SourceDate "2023.10.10"]
[SourceVersion "1"]
[SourceVersionDate "2023.10.10"]
[SourceQuality "1"]

1. Nf3 Nf6 2. c4 g6 3. b4 Bg7 4. Bb2 0-0 5. g3 d6 6. Bg2 Be6 7. d3 c5 8. bxc5 Qa5+ 9. Nbd2 Qxc5 10. 0-0 Nc6 11. Rb1 Qa5 12. Qc1 d5 13. Bc3 Qc7 14. Ng5 Bg4 15. cxd5 Ne5 16. Ngf3 Nxd5 17. Bxe5 Bxe5 18. Nxe5 Qxe5 19. Rb5 e6 20. e4 a6 21. Rxb7 Nc3 22. Nc4 Qd4 23. Qb2 g5 24. Ne3 Be2 25. Rc1 Rac8 26. Rb3 Nb5 27. Rxc8 Rxc8 28. Qxe2 Rc1+ 29. Bf1 Qa1 30. Kg2 Kg7 31. Qb2+ Nd4 32. Qxa1 Rxa1 33. Ra3 f5 34. exf5 exf5 35. Ra4 f4 36. gxf4 gxf4 37. Rxd4 fxe3 38. fxe3 Rxa2+ 39. Kg3 a5 40. Rd7+ Kg6 41. Bg2 h6 42. h4 a4 43. Ra7 a3 44. h5+ Kf6 45. Bd5 Ra1 46. d4 Rg1+ 47. Kf4 Rg5 48. Rf7# 1-0

[Event "CHI-ch (Women)"]
[Site "Las Condes"]
[Date "2019.02.16"]
[Round "8"]
[White "Lemus Pena, Macarena"]
[Black "Ruiz Olate, Emily Andrea"]
[Result "0-1"]
[WhiteElo "1757"]
[BlackElo "1892"]
[PlyCount "60"]
[EventDate "2019.02.12"]
[EventType "swiss"]
[EventRounds "9"]
[EventCountry "CHI"]
[SourceTitle "CBM 188 Extra"]
[Source "ChessBase"]
[SourceDate "2019.02.28"]
[SourceVersion "1"]
[SourceVersionDate "2019.02.28"]
[SourceQuality "1"]

1. Nf3 Nf6 2. c4 g6 3. b4 Bg7 4. Bb2 d5 5. cxd5 Qxd5 6. Nc3 Qd8 7. e3 0-0 8. b5 a6 9. a4 axb5 10. axb5 Rxa1 11. Qxa1 Bf5 12. d4 Nbd7 13. Be2 Nb6 14. 0-0 Be6 15. Ne5 Nfd7 16. Na4 Nxa4 17. Qxa4 Nxe5 18. dxe5 Qd2 19. Ba3 Qxe2 20. Bxe7 Bc4 21. Rb1 Re8 22. Bf6 Bxf6 23. exf6 Rd8 24. h3 h5 25. Rc1 Bxb5 26. Qf4 Kh7 27. Rxc7 Qd1+ 28. Kh2 Rd7 29. Rc5 Bc6 30. Rxh5+ Qxh5 0-1

[Event "Antofagasta Zicosur op 4th"]
[Site "Antofagasta"]
[Date "2019.01.09"]
[Round "9"]
[White "Lemus Pena, Macarena"]
[Black "Gomez Barrera, Javiera Belen"]
[Result "1/2-1/2"]
[WhiteElo "1770"]
[BlackElo "2084"]
[PlyCount "40"]
[EventDate "2019.01.04"]
[EventType "swiss"]
[EventRounds "10"]
[EventCountry "CHI"]
[SourceTitle "CBM 190 Extra"]
[Source "ChessBase"]
[SourceDate "2019.07.15"]
[SourceVersion "1"]
[SourceVersionDate "2019.07.15"]
[SourceQuality "1"]

1. Nf3 Nf6 2. c4 g6 3. g3 Bg7 4. Bg2 d6 5. d4 0-0 6. 0-0 Nc6 7. Nc3 e5 8. dxe5 dxe5 9. e3 Be6 10. b3 Qe7 11. Qe2 Rfd8 12. Bb2 h6 13. Rad1 a6 14. h3 Kh7 15. Nd5 Nxd5 16. Rxd5 Rxd5 17. Ng5+ Qxg5 18. Bxd5 Bxd5 19. Rc1 Ne7 20. Rd1 Nc6 1/2-1/2

[Event "Pan American-ch U16 Girls"]
[Site "Santiago de Chile"]
[Date "2018.07.25"]
[Round "5"]
[White "Lemus Pena, Macarena"]
[Black "Pinillo Canon, Silvana"]
[Result "1-0"]
[WhiteElo "1767"]
[BlackElo "1769"]
[PlyCount "77"]
[EventDate "2018.07.22"]
[EventType "swiss"]
[EventRounds "9"]
[EventCountry "CHI"]
[SourceTitle "EXT 2022"]
[Source "ChessBase"]
[SourceDate "2021.10.06"]
[SourceVersion "1"]
[SourceVersionDate "2021.10.06"]
[SourceQuality "1"]

1. Nf3 Nf6 2. g3 e6 3. c4 Be7 4. Bg2 d5 5. b3 0-0 6. Bb2 c5 7. 0-0 Nc6 8. e3 b6 9. Nc3 Bb7 10. cxd5 Nxd5 11. Nxd5 exd5 12. d4 cxd4 13. Nxd4 Nxd4 14. Bxd4 Bf6 15. Rc1 Re8 16. Qd3 Re6 17. Rfd1 Bxd4 18. Qxd4 Rd6 19. e4 Rc8 20. exd5 Rxc1 21. Rxc1 f6 22. Qc4 a5 23. Re1 Kf8 24. Rd1 Qd7 25. b4 Qa4 26. Rb1 axb4 27. Qc7 Rd7 28. Qb8+ Kf7 29. Re1 Qa8 30. Qf4 Qd8 31. Bh3 Re7 32. Be6+ Ke8 33. Qxb4 Bxd5 34. Bxd5 Rxe1+ 35. Qxe1+ Kf8 36. Qb4+ Ke8 37. Qe4+ Kf8 38. Bb3 Qc7 39. Qe6 1-0

[Event "Pan American-ch U20 Girls"]
[Site "Guayaquil"]
[Date "2018.06.21"]
[Round "5"]
[White "Lemus Pena, Macarena"]
[Black "Vittal, Sanjana"]
[Result "0-1"]
[WhiteElo "1781"]
[BlackElo "1945"]
[PlyCount "102"]
[EventDate "2018.06.19"]
[EventType "swiss"]
[EventRounds "9"]
[EventCountry "ECU"]
[SourceTitle "EXT 2019"]
[Source "ChessBase"]
[SourceDate "2018.10.10"]
[SourceVersion "1"]
[SourceVersionDate "2018.10.10"]
[SourceQuality "1"]

1. Nf3 d5 2. c4 c6 3. g3 Bg4 4. Ne5 Bf5 5. Bg2 e6 6. b3 Nf6 7. Bb2 Nbd7 8. Nf3 Bd6 9. Nc3 0-0 10. 0-0 h6 11. Rc1 Re8 12. d4 Ne4 13. Nd2 Nxc3 14. Bxc3 Nf6 15. Re1 a5 16. f3 e5 17. cxd5 Nxd5 18. e4 Nxc3 19. Rxc3 exd4 20. Rd3 Bh7 21. Kh1 c5 22. a4 Rb8 23. f4 b5 24. axb5 Rxb5 25. Nc4 Rb4 26. Rd2 a4 27. Nb2 axb3 28. Rd3 Qb8 29. Re2 Bg6 30. Bf3 f6 31. Rdd2 Qb7 32. Qf1 Qa7 33. Re1 Qc7 34. Nc4 Bf7 35. Rc1 Reb8 36. Qe2 Bf8 37. Rb2 Qd7 38. Qd3 Kh8 39. Kg2 Qa4 40. Be2 Qd7 41. Qf3 Qc6 42. Bd3 Ra8 43. Kg1 Ra2 44. Qe2 Bxc4 45. Rxc4 Rxb2 46. Qxb2 Qa4 47. Rxb4 Qxb4 48. Be2 c4 49. Kf2 c3 50. Qc1 b2 51. Qb1 c2 0-1

[Event "Wch U16 Girls"]
[Site "Montevideo"]
[Date "2017.09.25"]
[Round "10"]
[White "Lemus Pena, Macarena"]
[Black "Blond Hanten, Elsa"]
[Result "0-1"]
[WhiteElo "1805"]
[BlackElo "1732"]
[PlyCount "68"]
[EventDate "2017.09.17"]
[EventType "swiss"]
[EventRounds "11"]
[EventCountry "URU"]
[SourceTitle "EXT 2018"]
[Source "ChessBase"]
[SourceDate "2017.10.13"]
[SourceVersion "1"]
[SourceVersionDate "2017.10.13"]
[SourceQuality "1"]

1. Nf3 Nf6 2. g3 g6 3. Bg2 Bg7 4. d4 d5 5. 0-0 0-0 6. c4 c6 7. cxd5 cxd5 8. Ne5 Ng4 9. Nxg4 Bxg4 10. Nc3 Nc6 11. Be3 Be6 12. Rc1 Qd7 13. Na4 b6 14. Bf4 Nxd4 15. Rc7 Nxe2+ 16. Qxe2 Qxa4 17. b3 Qa3 18. Bc1 Qd6 19. Bf4 Qa3 20. Bc1 Qa5 21. a4 Qb4 22. Qd3 Rfc8 23. Bd2 Qd6 24. Rcc1 Rd8 25. Bf4 Be5 26. Bxe5 Qxe5 27. Rfe1 Qd6 28. Qd4 Rac8 29. Rcd1 Qc5 30. Qd2 Qc3 31. Qh6 Qxb3 32. Rd4 Rc4 33. Red1 Qxa4 34. Qh4 Rxd4 0-1

[Event "Wch U16 Girls"]
[Site "Montevideo"]
[Date "2017.09.24"]
[Round "9"]
[White "Lemus Pena, Macarena"]
[Black "Toshali, V."]
[Result "1/2-1/2"]
[WhiteElo "1805"]
[BlackElo "1921"]
[PlyCount "63"]
[EventDate "2017.09.17"]
[EventType "swiss"]
[EventRounds "11"]
[EventCountry "URU"]
[SourceTitle "CBM 180 Extra"]
[Source "ChessBase"]
[SourceDate "2017.10.06"]
[SourceVersion "1"]
[SourceVersionDate "2017.10.06"]
[SourceQuality "1"]

1. Nf3 Nc6 2. d4 d5 3. g3 Bg4 4. Bg2 Qd7 5. c4 dxc4 6. d5 0-0-0 7. Nc3 Bxf3 8. Bxf3 Ne5 9. Bg2 e6 10. Qd4 Nc6 11. Qxc4 exd5 12. Bxd5 Bb4 13. 0-0 Bxc3 14. Bxc6 Qxc6 15. Qxc6 bxc6 16. bxc3 Ne7 17. e4 Rd3 18. Be3 a6 19. Bd4 f6 20. Rfd1 Rxd1+ 21. Rxd1 Rd8 22. Re1 Re8 23. f4 Nd5 24. c4 Nb4 25. Re2 Rd8 26. Bc3 c5 27. a3 Nc6 28. Kf2 Rd3 29. Re3 Rd1 30. Re1 Rd3 31. Re3 Rd1 32. Re1 1/2-1/2

[Event "Santiago op U2200 prep"]
[Site "Santiago de Chile"]
[Date "2017.01.14"]
[Round "2.6"]
[White "Lemus Pena, Macarena"]
[Black "Soto Lagos, Alejandro"]
[Result "1-0"]
[WhiteElo "1550"]
[BlackElo "1727"]
[PlyCount "79"]
[EventDate "2017.01.14"]
[EventType "swiss"]
[EventRounds "5"]
[EventCountry "CHI"]
[SourceTitle "EXT 2024"]
[Source "ChessBase"]
[SourceDate "2023.10.10"]
[SourceVersion "1"]
[SourceVersionDate "2023.10.10"]
[SourceQuality "1"]

1. Nf3 Nf6 2. g3 d5 3. c4 e6 4. b3 c6 5. Bg2 Nbd7 6. Bb2 Qc7 7. 0-0 Bd6 8. Nc3 Ne5 9. cxd5 Nxf3+ 10. Bxf3 exd5 11. Rc1 Qe7 12. Re1 0-0 13. Qc2 Be6 14. d3 Ba3 15. Na4 Bxb2 16. Qxb2 Bf5 17. e4 dxe4 18. dxe4 Bg6 19. Nc5 Rad8 20. Bg2 b6 21. Na4 c5 22. Nc3 Qe5 23. Qa1 Rd3 24. Nd5 Qxa1 25. Rxa1 Nxe4 26. Ne7+ Kh8 27. Nxg6+ hxg6 28. Bxe4 Rd4 29. Bf3 Rfd8 30. Rad1 Kg8 31. Kf1 g5 32. Rxd4 cxd4 33. Rd1 Kf8 34. Be2 Ke7 35. Bc4 Kf6 36. Kg2 Rd7 37. Kf3 Kf5 38. Bd3+ Kf6 39. Ke4 Ke6 40. Bc4+ 1-0

[Event "CHI-ch (Women)"]
[Site "Santiago de Chile"]
[Date "2017.01.06"]
[Round "7"]
[White "Lemus Pena, Macarena"]
[Black "Manriquez Abarzua, Maria Belen"]
[Result "1-0"]
[WhiteElo "1550"]
[BlackElo "1495"]
[PlyCount "59"]
[EventDate "2017.01.03"]
[EventType "swiss"]
[EventRounds "9"]
[EventCountry "CHI"]
[SourceTitle "CBM 176 Extra"]
[Source "ChessBase"]
[SourceDate "2017.03.02"]
[SourceVersion "1"]
[SourceVersionDate "2017.03.02"]
[SourceQuality "1"]

1. Nf3 e6 2. g3 Nf6 3. Bg2 d5 4. c4 c5 5. b3 Be7 6. 0-0 0-0 7. Bb2 Nc6 8. e3 a6 9. Nc3 Rb8 10. cxd5 exd5 11. d4 b6 12. Rc1 Bg4 13. Ne2 Qd6 14. h3 Be6 15. Ne5 Nd7 16. Nxc6 Qxc6 17. Nf4 Bg5 18. dxc5 Bxf4 19. cxb6 Qxb6 20. exf4 Rfd8 21. Qd2 Qb5 22. Rfd1 Nb6 23. Bd4 Qd7 24. Kh2 f6 25. Bxb6 Rxb6 26. Qd4 Rd6 27. Rc5 Qf7 28. f5 Bxf5 29. Rxd5 Rxd5 30. Bxd5 1-0